00871 2200217 4500001002100000005001500021035002000036008004100056020001800097041000800115082001100123084001500134100006300149245010600212260005500318300003000373520017100403650003100574990002400605990002400629INLIS00000000000083920221101043251 a0010-0520000839221101 | | eng  a92-2-112761-3 aeng a344.01 a344.01 INT0 aInternational Labour Organizations Fundamental Conventions14aInternational Labour Organizations Fundamental Conventions /cILO (International Labour Organization) aGeneva :bInternational Labour Organization,c2002 a78 hlm.; 21 cm. ;c21 cm. aThis book contains Convention of Labour, it explains Freedon of Organization, Child Labour, Discrimination and Declaration of Fundamental Principles and Right at Work 4a1. Tenaga Kerja - Konvensi a01029/MKRI-P/I-2005 a01029/MKRI-P/I-2005